[Event "PHI-ch op"]
[Site "Mactan City"]
[Date "2021.12.11"]
[Round "5"]
[White "Frias, Jaime Joshua II"]
[Black "Young, Angelo"]
[Result "0-1"]
[WhiteElo "1991"]
[BlackElo "2321"]
[PlyCount "110"]
[EventDate "2021.12.09"]
[EventType "swiss"]
[EventRounds "9"]
[EventCountry "PHI"]
[SourceTitle "CBM 205 Extra"]
[Source "ChessBase"]
[SourceDate "2022.01.31"]
[SourceVersion "1"]
[SourceVersionDate "2022.01.31"]
[SourceQuality "1"]

1. d4 Nf6 2. Bf4 Nh5 3. Bd2 g6 4. c4 Bg7 5. Nf3 0-0 6. Nc3 d6 7. Qb3 Re8 8. Rd1 Nd7 9. e4 e5 10. Bg5 Bf6 11. Be3 exd4 12. Nxd4 Bg5 13. Nc2 Bxe3 14. Nxe3 a5 15. g3 Nhf6 16. Bg2 Nc5 17. Qc2 Ng4 18. Nxg4 Bxg4 19. f3 Be6 20. Na4 Nxa4 21. Qxa4 Qg5 22. Qb3 Qc5 23. Rc1 f5 24. Qa3 Qxa3 25. bxa3 fxe4 26. f4 c6 27. Kd2 d5 28. cxd5 Bxd5 29. Rc2 e3+ 30. Kc3 Rad8 31. Re1 Kf7 32. Rce2 Kf6 33. Bh3 b5 34. g4 h6 35. Rxe3 Rxe3+ 36. Rxe3 Bxa2 37. Bg2 c5 38. Re2 b4+ 39. Kb2 Bf7 40. axb4 axb4 41. g5+ Kg7 42. Be4 c4 43. Bb1 Rd4 44. gxh6+ Kxh6 45. f5 c3+ 46. Kc1 Rf4 47. Bd3 gxf5 48. Re5 Bg6 49. Rb5 Kg5 50. Rb6 Bh5 51. Rb8 Rd4 52. Rg8+ Kf4 53. Bc2 Bf3 54. h4 Be4 55. Bxe4 Rxe4 0-1

[Event "PHI-ch op"]
[Site "Mactan City"]
[Date "2021.12.10"]
[Round "3"]
[White "Ortiz, Bhell"]
[Black "Frias, Jaime Joshua II"]
[Result "0-1"]
[WhiteElo "1576"]
[BlackElo "1991"]
[PlyCount "66"]
[EventDate "2021.12.09"]
[EventType "swiss"]
[EventRounds "9"]
[EventCountry "PHI"]
[SourceTitle "CBM 205 Extra"]
[Source "ChessBase"]
[SourceDate "2022.01.31"]
[SourceVersion "1"]
[SourceVersionDate "2022.01.31"]
[SourceQuality "1"]

1. Nf3 Nf6 2. d4 g6 3. Nbd2 Bg7 4. e4 d6 5. Bd3 Nc6 6. c3 0-0 7. 0-0 Nd7 8. Qe2 e5 9. Nb3 a5 10. a4 Re8 11. Be3 h6 12. Rfe1 Qf6 13. d5 Ne7 14. c4 b6 15. h3 g5 16. Nh2 Ng6 17. g3 Qe7 18. Qd2 Nf6 19. h4 gxh4 20. Bxh6 Nh5 21. Nf1 Kh7 22. Qg5 Bxh6 23. Qxh5 Rg8 24. Ne3 Nf4 25. Nf5 Qf6 26. Qf3 Bxf5 27. exf5 hxg3 28. fxg3 Rxg3+ 29. Qxg3 Rg8 30. Qxg8+ Kxg8 31. Be4 Qh4 32. Kf1 Qh3+ 33. Kf2 Qxb3 0-1